00458nam a2200157 a 45000010005000000030009000050080041000140400028000550820016000832450096000992600035001953000010002304900025002406500025002656500010002905623CO-ViMGA141112s2004 ck r 000 u spa d aCO-ViMGAbspacCO-ViMGA04a305.26 C74710aCrisis familiares y ancianidad / cCamdessus Brigitte , Bonjean Marilin , Espector Richard  aBarcelona : bPaidós, c1995 a191 p aTerapia familiar, 6414aFAMILIA - RELACIONES14aVEJEZ